| 000 | 00818nam a2200241 a 4500 | ||
|---|---|---|---|
| 001 | 000022661 | ||
| 005 | 20200930021726.0 | ||
| 008 | 101014s1997 es 001 0 spa d | ||
| 020 | _a8423988120 | ||
| 040 |
_aDO-SdBNP _bspa _cBNPHU |
||
| 082 |
_axxxx _bP434p |
||
| 100 | 1 |
_aPereda, José M. de _d1833-1906 _946620 |
|
| 245 | 1 | 0 |
_aPeñas arribas; : _bDe tal palo tal astilla ; El sabor de la tierra / _cJosé M. de Pereda. |
| 260 |
_aMadrid, : _bEditorial Espasa Calpe, _c1997. _fHuertas |
||
| 300 |
_a767 p. ; _c22 cm. |
||
| 490 | 1 | _aAntología de la literatura universal | |
| 563 | _aVarias obras empaginadas en páginas continuas | ||
| 740 | 2 | _aPeñas Arribas | |
| 740 | 2 | _aDe tal palo tal astilla | |
| 740 | 2 | _aEl sabor de la tierra | |
| 830 | 0 |
_aAntología de la literatura universa _946616 |
|
| 049 | _aBNPD | ||
| 999 |
_c22158 _d22158 |
||